000 01036nam a22003017a 4500
003 CHAP
005 20220329135401.0
008 971013s1984 r 00010 d
010 _a35428
011 _a36400
035 _a40519
040 _cCHAP
090 _aTesis
100 0 0 _aPadilla Urtusuategui, Armando.
_984672
245 _aAnálisis de los cambios del sistema impositivo en el sector agropecuario para el período de 1984
260 _a(Monterrey, N.L.) :
_bEl autor,
_c1984
300 _a63 h.
502 _aTesis (Ing. Agr. Administrador) -- ITESM. División de Ciencias Agropecuarias y Marítimas
590 _aALEPH
_b10
_c20130110
_lUCH01
_h1301
590 _aBATCH-UPD
_b10
_c20130110
_lUCH01
_h1828
590 _aBATCH-UPD
_b10
_c20130410
_lUCH01
_h1200
590 _aCONVERSION
_b10
_c20130109
_lUCH01
_h1320
650 1 4 _aAgricultura
_xAspectos economicos
_zMexico.
_91312
650 1 4 _aAgricultura
_xImpuestos
_xMexico.
_91550
901 _aBK
942 _cTESIS
949 _bBC
_cTES
_d-92569
_eTS1
_h17829
_i40519
_si
999 _c35428
_d35428